000 00991nam a2200265Ia 4500
003 OSt
005 20221005103059.0
006 a|||||r|||| 00| 0
007 ta
008 221004b |||||||| |||| 00| 0 hin d
020 _c325
024 _a23167
037 _b206, 09/11/2015, Eastern Book Linkers
_cTextual
040 _aCRL
_cCRL
_bhin
041 _2hin
_ahin
082 _aO152,2:gN, P2
100 _aरस्तोगी, गिरीश, संपा.
245 0 _aहिन्दी नाटक का आत्मसंघर्ष
246 _aHindī nāṭak kā ātmasangharṣha
260 _aइलाहाबाद
_bलोकभारती प्रकाशन भारत
_c2002
300 _a280पृ0
_ccm.
650 _aहिन्दी साहित्य
942 _hO152,2:gN, P2
_cTEXL
_2cc
999 _c1009384
_d1009384